000 00547nam a2200217Ia 4500
003 OSt
005 20231213114636.0
008 210210b1995 xxu||||| |||| 00| 0 eng d
020 _a81 7296 048 4
040 _cAL
041 _aEnglish
082 _a574 SHAP
100 _aSHAKUNTALA (Katre) and Others.
_9145768
245 _aPre-University biology. Vol.1.
260 _aBangalore
_bInterline Publishing Private Limited
_c1995
300 _a285
440 _a1
_9145769
690 _aBiology
_9145770
906 _a050683
942 _2ddc
_cBK
999 _c99121
_d99121